Periodic solutions of singular Lagrangian systems

Αποθηκεύτηκε σε:
Λεπτομέρειες βιβλιογραφικής εγγραφής
Κύριος συγγραφέας: Ambrosetti, A. (Antonio)
Άλλοι συγγραφείς: Coti Zelati, Vittorio 1956-
Μορφή: Βιβλίο
Γλώσσα:English
Δημοσίευση: Boston : Birkhauser, c1993
Σειρά:Progress in nonlinear differential equations and their applications ; ; 10
Θέματα:
Ετικέτες: Προσθήκη ετικέτας
Δεν υπάρχουν, Καταχωρήστε ετικέτα πρώτοι!

MARC

LEADER 00000nam a2200000 i 4500
001 1/76532
008 990430s1993 eng d
020 |a 3-7643-3655-2 
035 |l 10049630 
040 |a GR-MY-UA  |b gre  |e aacr 
041 0 |a eng 
082 0 |a 515.355 
100 1 |a Ambrosetti, A.   |q (Antonio) 
245 1 0 |a Periodic solutions of singular Lagrangian systems /  |c Antonio Ambrosetti, Vittorio Coti Zelati 
260 |a Boston :   |b Birkhauser,   |c c1993 
300 |a xii, 157 p.;  |b ill.;  |c 24 cm. 
490 1 |a Progress in nonlinear differential equations and their applications  |v ; 10 
500 |a Includes bibliographical references 
650 0 0 |a Differentiable dynamical systems. 
650 0 0 |a Nonlinear oscillations. 
650 0 0 |a Critical point theory (Mathematical analysis) 
700 1 |a Coti Zelati, Vittorio  |d 1956- 
830 0 |a Progress in nonlinear differential equations and their applications ;  |v ; 10 
852 |a INST  |b SAMOS  |e 19990430  |h 515.355 AMB  |p 005300014867  |q 005300014867  |t BK  |y 0 
901 |a BIBL-1999-1 
909 |a Σ  |b 064653 
922 |a 3ΕΛΗ  |b 199903  |c ΚΠΣ  |d GLORY 
950 |a 116-1998-08-10